Quiz piłkarski 2 - Statystyki

Ogólne statystyki
  • Ten quiz został rozwiązany 102 razy
  • Średni wynik to 9 z 15
Statystyki odpowiedzi
Zagadnienie Odpowiedź % Poprawnych
Kto strzelił gola w finale Mistrzostw Świata 2010 Iniesta
88%
Kto wygrał FIFA THE BEST 2020 Lewandowski
88%
Kto z nich wygrał Mistrzostwa Świata Messi
88%
Kto strzelił najwięcej goli w historii Cristiano Ronaldo
75%
Kto wygrał Mistrzostwa Europy 2008 Ktoś inny
75%
Kto z nich nie wygrał Ligi Konferencji Real Sosiedad
75%
Kto wygrał Ligę Europy 15/16 Sevilla
75%
Ile razy Inter wygrał Ligę Mistrzów (Bez pucharu zdobywców pucharu) 1
63%
Kto wygrał Copa America 2019 Brazylia
50%
Kto wygrał Ligę Mistrzów 20/21 Chelsea
50%
Kto jest najlepszym strzelcem Rep. Brazyli Neymar
50%
Kto wygrał Mistrzostwa Świata 1966 Anglia
38%
Kto wygrał Złotą Piłkę 2001 Owen
38%
Kto wygrał La Liga 20/21 Atletico
25%
Kto wygrał Ligę Konferencji 21/22 Roma
25%
Nie znaleziono quizów pasujących do podanych kryteriów
Rozkład punktacji
Procent ludzi z każdym wynikiem
Percentyl według liczby udzielonych odpowiedzi
Twoja historia wyników
Nie rozwiązałeś tego quizu